zpět

Detail výsledku týmu

Spirit Bar - Žižkov, Praha

Datum a čas kvízu

25.5 Celkem bodů Celkový počet nahraných bodů na tomto kvízu bez doplňovacích otázek.
8. Pořadí na kvízu Konečné umístění týmu na tomto kvízu.

Zaznamenané odpovědi

# Otázka Odpověď Body Výsledky
1. Premiér Fiala ve čtvrtek podep... o Vatikán 0
2. Minulý týden se konal mítink D... Barack Obama, Eminem 0.5
3. Kapela Lucie ve čtvrtek oznámi... Viktor Dyk, Štěpán Smetáček 0
4. Na numismatické aukci v Praze... Vladislav (II.) Jagellonský 0
5. V pondělí se v Praze uskutečni... Josef Dostál 1
6. Vzhledem ke končící bohaté hou... prsten; třeň 1
7. Uveďte rodové jméno tohoto ptá... čížek 0
8. Při nocování v lese jste už mo... liška 0
9. Jak se u jelenovitých označuje... vytloukání 0
10. Na jaře se řada lidí vydává do... konvalinka; ocún 1